000 01017nam a22003257a 4500
008 100208b2005 tu |||gr||||#||||0|tur |
040 _aTR-BiSEU
_btur
_cTR-BiSEU
_erda
001 0012788
003 KOHA_MİRAKIL
005 20260207001901.0
007 ta
020 _a9757292184
041 0 _atur
044 _ctu
050 _aBP75
_b.G85 2005
100 1 _aGülen, M. Fethullah.
245 1 _aSonsuz nur :
_binsanlığın iftihar tablosu/
_cM. Fethullah Gülen ; M. Fethullah Gülen.
264 1 _aİzmir :
_bNil Yayınevi
_c2005
300 _ac., 438 sayfa; 19 cm.
336 _ametin
_btxt
_2rdacontent
337 _aaracısız
_bn
_2rdamedia
338 _acilt
_bnc
_2rdacarrier
490 1 _aNil yayınları ;
_v077.
490 1 _aPırlanta kitap serisi
650 0 _aMuhammad, Prophet, d. 632--Biography.
_930705
650 0 _aMuhammed, Hz. Peygamber, 570-632--Biyografi.
_930706
830 1 _aNil yayınları ;
_v077.
_930707
830 1 _aPırlanta kitap serisi
_930708
942 _2lcc
_cBK
999 _c12755
_d12755